000 00920nac a22002051u 4500
008 101221s xxu||||| |||| 00| 0 ara d
020 _a9771241079
082 _a616.926
_bع ز ي
100 1 _aعبد العزيز ، فاروق
_914850
245 _aصيف بلا متاعب صحية /
_cفاروق عبد العزيز
260 _aالقاهرة :
_bدار أخبار اليوم،
_c[د . ت].
300 _a155 ص :
_bايض ؛
_c11 سم.
490 0 _914838
_aكتاب اليوم الطبي
541 _aإهداء ؛
_cمكتبة الإسكندرية ؛
650 _aالصحة الوقائية
_921978
650 _aالأمراض الصيفية
_921977
650 _921615
942 _cBB
_k616.926 ع ز ي
_2ddc
999 _c6743
_d6743